000 00506nam a2200193 a 4500
001 1770282761719
003 YourLibrary
005 20260205144421.0
008 260205s1997##################000#0#eng##
020 _a9780521560627
082 0 4 _a306
_bBIC
100 1 _aBicchieri, Cristina,
_eauthor.
245 1 0 _aThe Dynamics of Norms :
260 _bCambridge University Press,
_c1997.
300 _a242 pages
650 0 _aMathematics.
942 _cENGLISH
040 _aYourLibrary
_beng
_cYourLibrary
999 _c610305
_d610305